000 00558nam a2200169 i 4500
001 80495
003 ES-MaACL
005 20230906174229.0
007 t|
008 041028s1966 sp ||||1| spa d
245 0 0 _aHomenaje a Rodríguez-Moñino
_b: estudios de erudición que le ofrecen sus amigos o discípulos hispanistas norteamericanos.
260 _aMadrid :
_bCastalia,
_c1966.
300 _a2 v., 15 lám. ;
_c28 cm.
852 _aES-MaACL
_jG-5111-2
_bR.70040
852 _aES-MaACL
_jC-30813-14
_bR.61603
852 _aES-MaACL
_jC-34518-9
_bR.66905
999 _c80495
_d80495